| 000 -ლიდერი |
| ფიქსირებული სიგრძის საკონტროლო ველი |
01180nam a2200217Ia 4500 |
| 001 - საკონტროლო ნომერი |
| საკონტროლო ველი |
2412 |
| 003 - საკონტროლო ნომრის იდენტიფიკატორი |
| საკონტროლო ველი |
GE_BSU |
| 005 - ბოლო ოპერაციის თარიღი და დრო |
| საკონტროლო ველი |
20190516141323.0 |
| 008 - ფიქსირებული სიგრძის მონაცემთა ელემენტები - ზოგადი ინფორმაცია |
| ფიქსირებული სიგრძის საკონტროლო ველი |
181216s1972||||ge |||||||||||||| ||geo|| |
| 040 ## - კატალოგიზაციის წყარო |
| Transcribing agency |
GE_BSU |
| 041 ## - ენის კოდი |
| Language code of text/sound track or separate title |
geo |
| 080 ## - უნივერსალური ათობითი კლასიფიკაციის ინდექსი |
| Universal Decimal Classification number |
821.353.1.09(075.8) ა-98 |
| 245 ## - ცნობა სათაურის შესახებ |
| Statement of responsibility, etc |
თბილისის სახელმწიფო უნივერსიტეტი ; რედ. დ. გამეზარდაშვილი. |
| Title |
ახალი ქართული ლიტერატურის ისტორია. წ. 1 : |
| Remainder of title |
მე-19 ს. 60 წლებამდე / |
| 260 ## - გამოქვეყნების, გავრცელების, და სხვა. ცნობები |
| Place of publication, distribution, etc |
თბილისი |
| 260 ## - გამოქვეყნების, გავრცელების, და სხვა. ცნობები |
| Name of publisher, distributor, etc |
თბილ. უნ-ტის გამ-ბა |
| 260 ## - გამოქვეყნების, გავრცელების, და სხვა. ცნობები |
| Date of publication, distribution, etc |
1972 |
| 300 ## - ფიზიკური აღწერა |
| Extent |
453 გვ. |
| Other physical details |
21 სმ. |
| 653 ## - INDEX TERM--UNCONTROLLED |
| Uncontrolled term |
ახალი ქართული ლიტერატურის ისტორია |
| 700 ## - ADDED ENTRY--PERSONAL NAME |
| Personal name |
გამეზარდაშვილი, დავით |
| Dates associated with a name |
ფილოლოგი, მეცნიერი, ქართული ლიტერატურისა და ჟურნალისტიკის ისტორიკოსი, |
| Relator term |
რედაქტორი |
| 9 (RLIN) |
1225 |
| 942 ## - ADDED ENTRY ELEMENTS (KOHA) |
| Koha item type |
წიგნი |
| Source of classification or shelving scheme |
|